India, China and sub-regional connectivities in South Asia / (Record no. 100100)

MARC details
000 -LEADER
fixed length control field 00767nam a22002177a 4500
005 - DATE AND TIME OF LATEST TRANSACTION
control field 20160527121800.0
010 ## - LCCN (DPL NO)
LC control number ENG-115201
020 ## - INTERNATIONAL STANDARD BOOK NUMBER
International Standard Book Number 9789351503279
Terms of availability 695.00
035 ## - SYSTEM CONTROL NUMBER
System control number EN-98733
037 ## - SOURCE OF ACQUISITION
Source of stock number/acquisition DBAD/PUB
082 00 - DEWEY DECIMAL CLASSIFICATION NUMBER
Classification number 337.154
Edition number 23
245 00 - TITLE STATEMENT
Title India, China and sub-regional connectivities in South Asia /
Statement of responsibility, etc edited by D. Suba Chandran [and] Bhavna Singh
260 ## - PUBLICATION, DISTRIBUTION, ETC. (IMPRINT)
Place of publication, distribution, etc New Delhi
Name of publisher, distributor, etc SAGE Publications
Date of publication, distribution, etc 2015
270 ## - ADDRESS
Address B1/I-1 Mohan Cooperative Industrial Area, Mathura Road
City New Delhi
Postal code 110044
300 ## - PHYSICAL DESCRIPTION
Extent xvii, 231p.
Dimensions 23cm(Hb)
500 ## - GENERAL NOTE
General note Includes bibliographical references and index.
650 #0 - SUBJECT ADDED ENTRY--TOPICAL TERM
Topical term or geographic name as entry element Regional economics
Geographic subdivision South Asia.
700 1# - ADDED ENTRY--PERSONAL NAME
Personal name Suba Chandran, D.
700 1# - ADDED ENTRY--PERSONAL NAME
Personal name Singh, Bhavna
942 ## - ADDED ENTRY ELEMENTS (KOHA)
Source of classification or shelving scheme Dewey Decimal Classification
Item type English Books
Classification part 337.154
Call number suffix IND
Holdings
Withdrawn status Lost status Not for loan Collection code Home library Current library Date acquired Source of acquisition Cost, normal purchase price Full call number Barcode Copy number Cost, replacement price Koha item type
      Non-fiction Bawana Bawana 27/05/2016 DBAD/PUB 695.00 337.154 IND EN-98733 1 695.00 English Books

© Delhi Public Library
Hit Counter
free hit counter